000 00902nam a2200253 i 4500
001 bg
100 1 _aLISIECKA, Krystyna
245 1 0 _aKreowanie jakości :
_buwarunkowania, strategie, techniki /
_cKrystyna Lisiecka.
260 _aKatowice :
_bWydaw. Uczelniane Akademii Ekonomicznej im. Karola Adamieckiego,
_c2002.
300 _a352 s. :
_bil. ;
_c25 cm.
490 1 _aPrace Naukowe Akademii Ekonomicznej im. K. Adamieckiego w Katowicach
504 _aBibliogr.
650 9 _aZarządzanie jakością
655 _aPodręczniki akademickie
830 _aPrace Naukowe Akademii Ekonomicznej im. K. Adamieckiego w Katowicach
020 _a8372461031
040 _cBPK
041 0 _apol
080 _a658.56.012.4(075.8)
920 _a83-7246-103-1
942 _cKS
008 s pl f |000 0 pol
999 _c45730
_d45730
856 _uhttp://koha.tu.koszalin.pl/cgi-bin/koha/opac-detail.pl?biblionumber=45730
_yKatalog online BPK